000 00620nam a2200205Ia 4500
005 20250923150101.0
008 008 250917s9999 xx 000 0 eng d
037 _aTextual
040 _aDSWL
_beng
_cDSWL
041 _aeng
_2eng
084 _aW:5OzY:43x12, PO1
_qDSWL
245 4 _aThe poverty of rights: Human rights and eradication of poverty
_c Ed.by W Vangenugten
260 _aLondon
_bZed Books
_c2001
300 _a209p.
365 _aINR
_b1213.62
700 _a C Perez-Bustillo
_9842041
925 _g1213.62
942 _cTEXL
_hW:5OzY:43x12, PO1
999 _c1459365
_d1459365